UBT Library

Health, disease & the environment / (Record no. 39249)

000 -LEADER
fixed length control field 00706pam a2200253 a 4500
001 - CONTROL NUMBER
control field 2502809
005 - DATE AND TIME OF LATEST TRANSACTION
control field 20171220092921.0
008 - FIXED-LENGTH DATA ELEMENTS--GENERAL INFORMATION
fixed length control field 920108s1992 enkb b 001 0 eng c
010 ## - LIBRARY OF CONGRESS CONTROL NUMBER
LC control number 92003951
020 ## - INTERNATIONAL STANDARD BOOK NUMBER
International Standard Book Number 0849377374
040 ## - CATALOGING SOURCE
Original cataloging agency DNLM/DLC
Transcribing agency DLC
Modifying agency DLC
041 ## - LANGUAGE CODE
Language code of text/sound track or separate title eng
060 ## - NATIONAL LIBRARY OF MEDICINE CALL NUMBER
Classification number WT 500 F755h
080 ## - UNIVERSAL DECIMAL CLASSIFICATION NUMBER
Universal Decimal Classification number 616.98 FOS
082 00 - DEWEY DECIMAL CLASSIFICATION NUMBER
Classification number 616.98 FOS
Edition number 20
100 1# - Rafti
Rafti 3
101 ## - Shkurtesa
Shkurtesa SHM
245 10 - TITLE STATEMENT
Title Health, disease & the environment /
Statement of responsibility, etc Harold D. Foster.
504 ## - BIBLIOGRAPHY, ETC. NOTE
Bibliography, etc Includes bibliographical references and index.
740 0# - ADDED ENTRY--UNCONTROLLED RELATED/ANALYTICAL TITLE
Uncontrolled related/analytical title Health, disease, and the environment.
906 ## - LOCAL DATA ELEMENT F, LDF (RLIN)
a 7
b cbc
c orignew
d 1
e ocip
f 19
g y-gencatlg
942 ## - ADDED ENTRY ELEMENTS (KOHA)
Source of classification or shelving scheme
Item type Books
Holdings
Withdrawn status Lost status Source of classification or shelving scheme Damaged status Not for loan Collection code Permanent location Current location Shelving location Date acquired Total Checkouts Full call number Barcode Date last seen Price effective from Koha item type
          Koleksioni i përgjithshem UBT - Lipjan UBT - Lipjan Koleksioni i përgjithshem 12/20/2017   616.98 FOS 002-2939805 12/20/2017 12/20/2017 Books
UBT Library © 2015-2024. All rights reserved University Education for Business and Technology